| 000 | 005040000a22001930004500 | ||
|---|---|---|---|
| 003 | LK-CoMWRAF | ||
| 005 | 20230928155216.0 | ||
| 008 | 230817t1996 ||||| |||| 00| 0 eng d | ||
| 020 | _a9960740927 | ||
| 040 |
_aLK-CoMWRAF _dLK-CoMWRAF _eLK-CoMWRAF |
||
| 041 | _aeng | ||
| 082 |
_a297.63 _bSAD |
||
| 100 | _aSadiq, Sheikh Muhammad | ||
| 245 | _aThe Way of Prophet Muhammad | ||
| 260 |
_aSaudi Arabia(Riyadh) : _bDarussalam, _c1996 |
||
| 300 | _a256p | ||
| 650 | _aIslam--Prophet--muhammad | ||
| 942 | _cBK | ||
| 999 |
_c894 _d894 |
||